All "Mouthful Modes" in Kirby & the Forgotten Land - Statistics

General Stats
  • This quiz has been taken 185 times
    176 since last reset
  • The average score is 6 of 14
Answer Stats
Starts with Answer % Correct
C Car mouth
94%
C Cone mouth
78%
A Arch mouth
50%
V Vending mouth
46%
L Light-Bulb mouth
45%
R Ring mouth
45%
B Big-Rig mouth
43%
W Water-Balloon mouth
40%
D Dome mouth
28%
P Pipe mouth
26%
S Stairs mouth
24%
R Roller-coaster mouth
16%
S Scissor-Lift mouth
14%
S Storage mouth
14%
No matching quizzes found
Score Distribution
Percent of People with Each Score
Percentile by Number Answered
Your Score History
You have not taken this quiz since the last reset